000 01895nam a22002297a 4500
999 _c58415
_d58415
003 Ge_BSU
005 20221221104241.0
008 220121s2021 ge ||||| |||| 00| 0 geo d
041 _ageo
080 _a94 მ-45
100 _aმგელაძე, ბექა
_913427
245 _aხალხური მმართველობისა და ჩვეულებითი სამართლის ისტორია განვითარებული და გვიანი შუასაუკუნეების სამხრეთ-დასავლეთ საქართველოში :
_bდისერტაცია /
_cბექა მგელაძე; სამეცნიერო ხელმძღვანელი ოთარ გოგოლიშვილი, მანუჩარ ლორია; ბსუ. ჰუმანიტარულ მეცნიერებათა ფაკულტეტი. ისტორიის, არქეოლოგიისა და ეთნოლოგიის დეპარტამენტი.
264 _aბათუმი,
_c2021.
300 _a370 გვ.;
_b30 სმ.
504 _aბიბლიოგრ. გვ. 324-370
653 _aისტორია
653 _aდისერტაცია
700 _a გოგოლიშვილი, ოთარ
_eსამეცნიერო ხელმძღვანელი
_913428
700 _aლორია, მანუჩარ
_eსამეცნიერო ხელმძღვანელი
_92194
710 _aბსუ.
_bჰუმანიტარულ მეცნიერებათა ფაკულტეტი. ისტორიის, არქეოლოგიისა და ეთნოლოგიის დეპარტამენტი
_913429
942 _2udc
_cDS